00591nam a22002057a 4500003000900000008004100009020001800050040007100068082001900139100003100158245001700189260003500206300002700241440001400268505003500282650001400317650002400331650001400355650001600369AR-CdUCM190315b ||||| |||| 00| 0 spa d a958-8096-33-2 aMUNICIPALIDAD PROVINCIAL DEL CUSCOcBIBLIOTECA MUNICIPAL DEL CUSCO a801.951 /bG96 aGutiérrez Riveros, Lilia aIntervalos / aBogota :bContracartel,c2005. a88 páginas ;c20 cm. aPoesía  aContenido : Poemas de Lilia G. aPoesía  aPoetas colombianos  aColombia  aLiteratura